000 00483nam a2200169Ia 4500
008 090201s9999 xx 000 0 und d
010 _aKPL-55642
040 _bमराठी
041 _aमराठी
082 _a41055
_b55642
100 _aपु. ल. देशपांडे
245 _aदाद
_cपु. ल. देशपांडे
260 _c2004
_bमौज प्रकाशन
300 _a198
_bमोठा
600 _aदाद
942 _cBOOK
999 _c238269
_d238269